| 000 | 00584nam a22001817a 4500 | ||
|---|---|---|---|
| 003 | OSt | ||
| 005 | 20250818043111.0 | ||
| 008 | 250818b |||||||| |||| 00| 0 eng d | ||
| 020 | _a971-93399-5-0. | ||
| 040 |
_aDWC-Main Lib. _cOC |
||
| 100 | _aLEAÑO, ROMAN D., JR. | ||
| 245 |
_aPrinciples and practices of guidance and counseling/ _cLEAÑO, ROMAN D., JR. |
||
| 260 |
_aMakati City : _bMindshapers Co., Inc., _cc2006. |
||
| 300 |
_axv, 271 p. : _bill. ; _c22 cm. |
||
| 504 | _aIncludes bibliographical references. | ||
| 650 | _aCounseling. | ||
| 942 |
_2ddc _cBK - FIL _hFil. _n0 |
||
| 999 |
_c4002 _d4002 |
||